Introduction to microwave theory / (Record no. 8652)
[ view plain ]
| 000 -LEADER | |
|---|---|
| fixed length control field | 00810nam a22002532 4500 |
| 001 - CONTROL NUMBER | |
| control field | 8652 |
| 003 - CONTROL NUMBER IDENTIFIER | |
| rucl marc code | BD-RjUL |
| 005 - DATE AND TIME OF LATEST TRANSACTION | |
| control field | 20211208234627.0 |
| 008 - FIXED-LENGTH DATA ELEMENTS--GENERAL INFORMATION | |
| fixed length control field | 140119s1962 enka 001 0 eng d |
| 035 ## - SYSTEM CONTROL NUMBER | |
| System control number | (BD-RjUL)8697 |
| 040 ## - CATALOGING SOURCE | |
| Original cataloging agency | DLC/ICU |
| Transcribing agency | CGU |
| Modifying agency | UKM |
| -- | EQO |
| -- | BD-RjUL |
| Language of cataloging | eng |
| 041 ## - LANGUAGE CODE | |
| Language code of text/sound track or separate title | eng |
| 082 00 - DEWEY DECIMAL CLASSIFICATION NUMBER | |
| Classification number | 537.12 |
| Author mark and year | ATI 1962 |
| Edition number | 23 |
| 100 1# - MAIN ENTRY--PERSONAL NAME | |
| Personal name | Atwater, H. A. |
| Fuller form of name | (Harry Albert), |
| Dates associated with a name | 1921- |
| 9 (RLIN) | 26952 |
| 245 10 - TITLE STATEMENT | |
| Title | Introduction to microwave theory / |
| Statement of responsibility, etc. | by H. A. Atwater |
| 260 ## - PUBLICATION, DISTRIBUTION, ETC. (IMPRINT) | |
| Place of publication, distribution, etc. | New York : |
| Name of publisher, distributor, etc. | McGraw-Hill, |
| Date of publication, distribution, etc. | c1962. |
| 300 ## - PHYSICAL DESCRIPTION | |
| Pagination | x, 244 p. : |
| Illustrations | ill. ; |
| Size | 24 cm. |
| 490 1# - SERIES STATEMENT | |
| Series statement | McGraw-Hill electrical and electronic engineering series |
| 504 ## - BIBLIOGRAPHY, ETC. NOTE | |
| Bibliography, etc | Includes index. |
| 650 #0 - SUBJECT ADDED ENTRY--TOPICAL TERM | |
| Topical term or geographic name as entry element | Microwaves. |
| 9 (RLIN) | 26953 |
| 830 #0 - SERIES ADDED ENTRY--UNIFORM TITLE | |
| Uniform title | McGraw-Hill electrical and electronic engineering series |
| 942 ## - ADDED ENTRY ELEMENTS (KOHA) | |
| Source of classification or shelving scheme | Dewey Decimal Classification |
| Koha item type | Books |
| Lost status | Source of classification or shelving scheme | Damaged status | Not for loan | Collection code | Permanent Location | Current Location | Shelving location | Date acquired | Source of acquisition | Total Checkouts | Full call number | Date last seen | Copy number | Koha item type | Cost, normal purchase price |
|---|---|---|---|---|---|---|---|---|---|---|---|---|---|---|---|
| Dewey Decimal Classification | Non-fiction | Central Library, University of Rajshahi | Central Library, University of Rajshahi | 13/10/1973 | U.S govt gift | 537.12 ATI 1962 | 19/01/2014 | C-2 | Books | ||||||
| Dewey Decimal Classification | Non-fiction | Central Library, University of Rajshahi | Central Library, University of Rajshahi | 03/10/1970 | Zeithlinger. | 537.12 ATI 1962 | 20/01/2014 | C-3 | Books | 38.00 | |||||
| Dewey Decimal Classification | Non-fiction | Central Library, University of Rajshahi | Central Library, University of Rajshahi | 13/10/1973 | U.S govt gift | 537.12 ATI 1962 | 03/11/2016 | C-4 | Books | ||||||
| Dewey Decimal Classification | Non-fiction | Central Library, University of Rajshahi | Central Library, University of Rajshahi | 13/10/1973 | U.S govt gift | 537.12 ATI 1962 | 03/11/2016 | C-5 | Books | ||||||
| Dewey Decimal Classification | Non-fiction | Central Library, University of Rajshahi | Central Library, University of Rajshahi | 13/10/1973 | U.S govt gift | 537.12 ATI 1962 | 03/11/2016 | C-6 | Books | ||||||
| Dewey Decimal Classification | Non-fiction | Central Library, University of Rajshahi | Central Library, University of Rajshahi | 13/10/1973 | U.S govt gift | 537.12 ATI 1962 | 03/11/2016 | C-7 | Books | ||||||
| Dewey Decimal Classification | Non-fiction | Central Library, University of Rajshahi | Central Library, University of Rajshahi | 13/10/1973 | U.S govt gift | 537.12 ATI 1962 | 03/11/2016 | C-8 | Books | ||||||
| Dewey Decimal Classification | Non-fiction | Central Library, University of Rajshahi | Central Library, University of Rajshahi | 13/10/1973 | U.S govt gift | 537.12 ATI 1962 | 03/11/2016 | C-9 | Books | ||||||
| Dewey Decimal Classification | Non-fiction | Central Library, University of Rajshahi | Central Library, University of Rajshahi | 13/10/1973 | U.S govt gift | 537.12 ATI 1962 | 03/11/2016 | C-10 | Books | ||||||
| Dewey Decimal Classification | Non-fiction | Central Library, University of Rajshahi | Central Library, University of Rajshahi | 13/10/1973 | U.S govt gift | 537.12 ATI 1962 | 03/11/2016 | C-1 | Books |